Exchange of trace gases between terrestrial ecosystems and the atmosphere : report of the Dahlem workshop on Exchange of Trace Gases between Terrestrial Ecosystems and the Atmosphere Berlin 1989, February 19-24
Αποθηκεύτηκε σε:
| Συγγραφή απο Οργανισμό/Αρχή: | |
|---|---|
| Άλλοι συγγραφείς: | , , |
| Μορφή: | Πρακτικό Συνεδρίου Βιβλίο |
| Γλώσσα: | English |
| Δημοσίευση: |
Chichester :
John Wiley and Sons,
1989
|
| Σειρά: | Life sciences research report ;
; 47 Dahlem workshop reports |
| Θέματα: | |
| Ετικέτες: |
Προσθήκη ετικέτας
Δεν υπάρχουν, Καταχωρήστε ετικέτα πρώτοι!
|
MARC
| LEADER | 00000nam a2200000 i 4500 | ||
|---|---|---|---|
| 001 | 1/94885 | ||
| 008 | 991130s1989 eng d | ||
| 020 | |a 0-471-92551-9 | ||
| 035 | |l 10055038 | ||
| 040 | |a GR-MY-UA |b gre |e aacr | ||
| 041 | 0 | |a eng | |
| 082 | 0 | |a 574.5222 | |
| 111 | 2 | |a Dahlem Workshop on Exchange of Trace Gases between Terrestrial Ecosystems and the Atmosphere |d (1989 |c : Berlin, Germany) | |
| 245 | 1 | 0 | |a Exchange of trace gases between terrestrial ecosystems and the atmosphere : |b report of the Dahlem workshop on Exchange of Trace Gases between Terrestrial Ecosystems and the Atmosphere Berlin 1989, February 19-24 / |c edited M. O. Andreae and D. S. Schimel ; Rapporteurs: G. P. Robertson...[et al.] |
| 260 | |a Chichester : |b John Wiley and Sons, |c 1989 | ||
| 300 | |a 346 p. | ||
| 490 | 1 | |a Life sciences research report |v ; 47 | |
| 490 | 1 | |a Dahlem workshop reports | |
| 504 | |a Includes bibliographical references | ||
| 650 | 0 | 0 | |a Biogeochemical cycles |x Congresses. |
| 650 | 0 | 0 | |a Atmospheric chemistry |x Congresses. |
| 650 | 0 | 0 | |a Gases, Raer |x Measurement |x Congresses. |
| 650 | 0 | 0 | |a Ecology |x Congresses. |
| 700 | 1 | |a Andreae, M. O. |4 edt | |
| 700 | 1 | |a Schimel, David Steven. |4 edt | |
| 700 | 1 | |a Robertson, G. P. |4 edt | |
| 830 | 0 | |a Life sciences research report ; |v ; 47 | |
| 830 | 0 | |a Dahlem workshop reports | |
| 852 | |a INST |b LESVOS |e 19991130 |h 574.5222 DAH |p 005100021745 |q 005100021745 |t BK |y 0 | ||
| 909 | |a Λ |b 070332 | ||
| 922 | |a 1ΕΛΗ |b 199911 |c ΚΠΣ/ΤΓ |d LEADER | ||
| 950 | |a 118-1999-09-03 | ||
| 970 | |a ΚΑΜΑΤΣΟΥ |b ΔΕΣΠΟΙΝΑ |z 2000/02/28 | ||